<?xml version="1.0" encoding="UTF-8"?>
<collection xmlns="http://www.loc.gov/MARC21/slim">
 <record>
  <leader>02277nab a2200229 i 4500</leader>
  <controlfield tag="001">acta3012</controlfield>
  <controlfield tag="005">20260129130528.0</controlfield>
  <controlfield tag="008">161015s2007    hu      o     000   hun d</controlfield>
  <datafield tag="022" ind1=" " ind2=" ">
   <subfield code="a">0324-6965</subfield>
  </datafield>
  <datafield tag="040" ind1=" " ind2=" ">
   <subfield code="a">SZTE Egyetemi Kiadványok Repozitórium</subfield>
   <subfield code="b">hun</subfield>
  </datafield>
  <datafield tag="041" ind1=" " ind2=" ">
   <subfield code="a">hun</subfield>
  </datafield>
  <datafield tag="041" ind1=" " ind2=" ">
   <subfield code="a">eng</subfield>
  </datafield>
  <datafield tag="100" ind1="1" ind2=" ">
   <subfield code="a">Szabados György</subfield>
  </datafield>
  <datafield tag="245" ind1="1" ind2="0">
   <subfield code="a">Báthory István egyetemalapításáról</subfield>
   <subfield code="h">[elektronikus dokumentum] /</subfield>
   <subfield code="c"> Szabados György</subfield>
  </datafield>
  <datafield tag="260" ind1=" " ind2=" ">
   <subfield code="a">University of Szeged, Magyar Medievisztikai Kutatócsoport</subfield>
   <subfield code="b">Szeged</subfield>
   <subfield code="c">2007</subfield>
  </datafield>
  <datafield tag="300" ind1=" " ind2=" ">
   <subfield code="a">85-97</subfield>
  </datafield>
  <datafield tag="490" ind1="0" ind2=" ">
   <subfield code="a">Acta Universitatis Szegediensis : acta historica</subfield>
   <subfield code="v">127</subfield>
  </datafield>
  <datafield tag="520" ind1="3" ind2=" ">
   <subfield code="a">In the recent times, especially this year quite an active interest focused on the heritage of the University of Szeged, of which the legal predecessor was the University of Kolozsvár in Transylvania. That started by the will of István Báthory, King of Poland, Prince of Transylvania who deciced to establish in Kolozsvár a Jesuit College and to upgrade it to the level of a university, that is why he issued charters in 1580 and in 1581 in this case. What is more, according to the Catholic custom, Báthory forced the Holy See to confirm his foundation. This institution never got it, but despite that, no one can doubt that Báthory s foundation in Kolozsvár worked as a real university, because a privilege issued by the Pope was only a usual, but not a necessary condition for legitimating a Catholic university; there are some examples for it from the Middle Ages. Its more difficult to see clearly the real quality oft he school, because the terminology was not consequent that time: the phrases „universitas&quot; or „academia&quot; or „studium generale&quot; often meant the same. Nevertheless during the first period oft he history oft he institution (until 1784) it worked as an university, moreover, it was considered as an example to establish an another university in Kassa in 1657, too. So there is no reason to deny the quality of the university from Báthory s foundation: the sources strenghten the tradition.</subfield>
  </datafield>
  <datafield tag="650" ind1=" " ind2="4">
   <subfield code="a">Bölcsészettudományok</subfield>
  </datafield>
  <datafield tag="650" ind1=" " ind2="4">
   <subfield code="a">Történettudomány és régészet</subfield>
  </datafield>
  <datafield tag="695" ind1=" " ind2=" ">
   <subfield code="a">Báthory István, Egyetemtörténet - Kolozsvár - 1581</subfield>
  </datafield>
  <datafield tag="856" ind1="4" ind2="0">
   <subfield code="u">http://acta.bibl.u-szeged.hu/3012/1/historica_127_085-097.pdf</subfield>
   <subfield code="z">Dokumentum-elérés </subfield>
  </datafield>
 </record>
</collection>
